00000000nam 2200000za 4500
0019.596476
003CaOODSP
00520250827134954
007cr |||||||||||
008150406e20080917onc     o    f000 0 fre d
040 |aCaOODSP|bfre
043 |an-cn---
0861 |aRv55-5/1-8-1-2008F-PDF
1102 |aAgence des services frontaliers du Canada.
24510|aAgrément des courtiers en douane |h[ressource électronique]
250 |a[Édition de 17 septembre 2008].
260 |aOttawa - Ontario : |bAgence des services frontaliers du Canada
300 |a14p.|bfigures, références
4901 |aMémorandums D des douanes. D1, Général |vD1-8-1, le 17 septembre 2008
590 |a08-43|b2008-10-24
77508|tLicensing of customs brokers |w(CaOODSP)9.564816
7760#|tLicensing of customs brokers |w(CaOODSP)9.546968
7760#|tAgrément des courtiers en douane |w(CaOODSP)9.546969
794 |tAgrément des courtiers en douane |b[Édition de 2 novembre 2015]|w(CaOODSP)9.805768
830#0|aMémorandums D des douanes. D1, Général ;|vD1-8-1, le 17 septembre 2008|w(CaOODSP)9.816826
85640|qPDF|s648 Ko|uhttps://publications.gc.ca/collections/collection_2008/cbsa-asfc/Rv55-5-1-8-1-2008F.pdf